Guess the kpop songs whose titles are about colors. - Statistics

General Stats
  • This quiz has been taken 24 times
  • The average score is 14 of 33
Answer Stats
Answer % Correct
Red
100%
Red
100%
Red
100%
Blue
91%
Blue
91%
Blue
91%
Blue
91%
White
77%
Yellow
73%
Gold
68%
Orange
68%
Golden
64%
Purple
59%
Redred
59%
Pink venom
45%
Blue valentine
41%
Blind eyes red
23%
Blue flame
23%
Blue hour
23%
Hot pink
23%
Red light
23%
Black on black
18%
Red flavor
18%
Orange flower
14%
White cat
14%
Red lights
9%
Red moon
9%
Blue fame
5%
Blue rose
5%
Color
5%
Green apple
5%
Pink hoodie
5%
Purple line
0%
No matching quizzes found
Score Distribution
Percent of People with Each Score
Percentile by Number Answered
Your Score History
You have not taken this quiz